| 000 | 00593nam a2200193Ia 4500 | ||
|---|---|---|---|
| 008 | 191130s2000##################000#0#eng## | ||
| 020 | _a9780199256723 | ||
| 040 |
_aACL _cACL |
||
| 082 | _a153 SHA | ||
| 100 | _aO'shaughnessy, Brian | ||
| 245 |
_aConsciousness and the world _cBrian O'Shaughnessy |
||
| 260 |
_aOxford _bClarendon Press; Oxford University Press _c2000 |
||
| 300 | _aviii, 705 p. : ill. ; 25 cm | ||
| 500 | _aIncludes bibliographical references and index | ||
| 650 | _aConsciousness | ||
| 990 | _aa5dd5dc1ac10000c56ce7a0ab7b1f7d4 | ||
| 991 | _a217919 | ||
| 999 |
_c252959 _d252959 |
||